000 00174nam a2200073Ia 4500
008 170817s9999 xx 000 0 und d
100 _aPrakash.Vijoy
245 0 _aCreative learning
260 _bViva BooksPub.
999 _c38416
_d38416